Score 0/20 Timer 05:00
0 Plays Today
Oxymoron Unscrambled % Correct
GIB IPSBig sip
98.2%
DUM HABTMud bath
97.5%
VCLII RAWCivil war
93%
LEFE BUMNFeel numb
87.8%
FOST CORKSoft rock
87.7%
HADE TUTBHead butt
87.5%
BLUMERS TARPYSlumber party
83.9%
AXT NERURTTax return
82.1%
CAPEE CERFOPeace force
75%
TYREPT GLUYPretty ugly
73.8%
Oxymoron Unscrambled % Correct
DONSEC TEBSSecond best
71.4%
SARGS SORTOGrass roots
70.6%
GODED MARDodge Ram
70.1%
SHARC GAINDLNCrash landing
67.3%
SEELONBS BIRSBoneless ribs
44.2%
DAUTL LEAMAdult male
37%
NOMERD THORSIYModern history
26.4%
TOMTARNPI TIMENEGImportant meeting
13.9%
PORCTORAE RUCELUTCorporate culture
11.1%
ACIARFEET DOFOCafeteria food
10%

You're not logged in!

Compare scores with friends on all Sporcle quizzes.
OR
Log In

Sporcle TV

Today on Sporcle TV


Watch our educational content, quiz creation guides, and fun videos on Sporcle TV.

Show Comments

Extras

Top Quizzes Today


Score Distribution

Your Account Isn't Verified!

In order to create a playlist on Sporcle, you need to verify the email address you used during registration. Go to your Sporcle Settings to finish the process.

Report this User

Report this user for behavior that violates our Community Guidelines.

Details: